[Event "GER-ch U10 Girls"]
[Site "Willingen"]
[Date "2024.05.25"]
[Round "11"]
[White "Malan, Benita Helena"]
[Black "Tadic, Lena"]
[Result "0-1"]
[WhiteElo "738"]
[BlackElo "980"]
[PlyCount "82"]
[EventDate "2024.05.19"]
[EventType "swiss"]
[EventRounds "11"]
[EventCountry "GER"]
[SourceTitle "CBM 220 Extra"]
[Source "ChessBase"]
[SourceDate "2024.07.31"]
[SourceVersion "1"]
[SourceVersionDate "2024.07.31"]
[SourceQuality "1"]

1. e4 c6 2. d3 d5 3. Nd2 dxe4 4. Nxe4 Nf6 5. Nc3 Bf5 6. Nf3 e6 7. Bf4 Bd6 8. d4 Bxf4 9. d5 Nxd5 10. Bc4 0-0 11. 0-0 Nxc3 12. Qxd8 Rxd8 13. bxc3 Bxc2 14. Ne1 Bg6 15. Nd3 Bxd3 16. Bxd3 Rxd3 17. Rfd1 Rxd1+ 18. Rxd1 Na6 19. g3 Bg5 20. f4 Bf6 21. g4 Rd8 22. Rc1 g5 23. f5 exf5 24. gxf5 Rd2 25. c4 Rxa2 26. Re1 Ra1 27. Rxa1 Bxa1 28. h3 b5 29. Kf1 bxc4 30. Ke1 c3 31. Kd1 Nb4 32. Kc1 c2 33. f6 Bxf6 34. Kd2 Bb2 35. Ke3 c1Q+ 36. Kf3 Qf4+ 37. Ke2 Qg3 38. Kd2 Qd3+ 39. Ke1 Qc2 40. h4 Nd3+ 41. Kf1 Qf2# 0-1

[Event "GER-ch U10 Girls"]
[Site "Willingen"]
[Date "2024.05.24"]
[Round "10"]
[White "Seyedfakhari, Elena"]
[Black "Malan, Benita Helena"]
[Result "1-0"]
[WhiteElo "1060"]
[BlackElo "738"]
[PlyCount "49"]
[EventDate "2024.05.19"]
[EventType "swiss"]
[EventRounds "11"]
[EventCountry "GER"]
[SourceTitle "CBM 220 Extra"]
[Source "ChessBase"]
[SourceDate "2024.07.31"]
[SourceVersion "1"]
[SourceVersionDate "2024.07.31"]
[SourceQuality "1"]

1. e4 e5 2. Nf3 Nc6 3. Nc3 Nf6 4. d4 d6 5. h3 Be7 6. Bc4 0-0 7. 0-0 Be6 8. d5 Bd7 9. dxc6 Bxc6 10. Re1 d5 11. exd5 Nxd5 12. Nxd5 Bc5 13. Nxe5 Qh4 14. Be3 b6 15. Bxc5 bxc5 16. Nxc6 Qxc4 17. b3 Qb5 18. Nce7+ Kh8 19. Nxc7 Qb8 20. Nxa8 Qxa8 21. Nf5 Rb8 22. Qg4 g6 23. Nh6 f5 24. Qg5 a5 25. Qf6# 1-0

[Event "GER-ch U10 Girls"]
[Site "Willingen"]
[Date "2024.05.20"]
[Round "3"]
[White "Seitov, Adela"]
[Black "Malan, Benita Helena"]
[Result "1-0"]
[WhiteElo "923"]
[BlackElo "738"]
[PlyCount "89"]
[EventDate "2024.05.19"]
[EventType "swiss"]
[EventRounds "11"]
[EventCountry "GER"]
[SourceTitle "CBM 220 Extra"]
[Source "ChessBase"]
[SourceDate "2024.07.31"]
[SourceVersion "1"]
[SourceVersionDate "2024.07.31"]
[SourceQuality "1"]

1. e4 e5 2. Nf3 Nc6 3. Bc4 Bc5 4. Nc3 Nf6 5. d3 d6 6. Bg5 h6 7. Bxf6 Qxf6 8. Nd5 Qd8 9. c3 Be6 10. d4 0-0 11. dxc5 dxc5 12. Bb5 a6 13. Bxc6 bxc6 14. Ne3 Qb8 15. b3 c4 16. bxc4 Qb2 17. Qc1 Rab8 18. Qxb2 Rxb2 19. Nxe5 Rd8 20. 0-0 Re8 21. Rfb1 Re2 22. Nxc6 Bd7 23. Nd4 Rd2 24. Nf3 Rd3 25. Rd1 Rxc3 26. Rxd7 Rb8 27. Nd5 Ra3 28. Ne7+ Kh8 29. Ne5 Ra4 30. Nxf7+ Kh7 31. g3 Rab4 32. Nd5 Rb2 33. Ne5 Rd2 34. Nf6+ Kh8 35. Rxd2 c5 36. Nfd7 Rg8 37. Ng6+ Kh7 38. Ne7 Re8 39. Nd5 Rxe4 40. N5f6+ gxf6 41. Nxf6+ Kh8 42. Nxe4 a5 43. Rd7 Kg8 44. Rb1 Kf8 45. Rb8# 1-0

[Event "GER-ch U10 Girls"]
[Site "Willingen"]
[Date "2024.05.19"]
[Round "2"]
[White "Malan, Benita Helena"]
[Black "Goyush, Shams"]
[Result "0-1"]
[WhiteElo "738"]
[BlackElo "996"]
[PlyCount "26"]
[EventDate "2024.05.19"]
[EventType "swiss"]
[EventRounds "11"]
[EventCountry "GER"]
[SourceTitle "CBM 220 Extra"]
[Source "ChessBase"]
[SourceDate "2024.07.31"]
[SourceVersion "1"]
[SourceVersionDate "2024.07.31"]
[SourceQuality "1"]

1. e4 e5 2. Nf3 Nc6 3. Bc4 Bc5 4. 0-0 d6 5. Nc3 Bg4 6. d3 Nd4 7. Bg5 Bxf3 8. Qd2 Qd7 9. a4 h6 10. Be3 Qg4 11. g3 Qh3 12. Bb5+ Nxb5 13. Nxb5 Qg2# 0-1